Understanding economics : (Record no. 560)

000 -LEADER
fixed length control field 00998cam a2200361 a 4500
003 - CONTROL NUMBER IDENTIFIER
control field CaAEU
005 - DATE AND TIME OF LATEST TRANSACTION
control field 20210615110009.0
008 - FIXED-LENGTH DATA ELEMENTS--GENERAL INFORMATION
fixed length control field 010129s2002 onca 001 0 eng d
020 ## - INTERNATIONAL STANDARD BOOK NUMBER
International Standard Book Number 0070954925
020 ## - INTERNATIONAL STANDARD BOOK NUMBER
International Standard Book Number 9780070954922
040 ## - CATALOGING SOURCE
Transcribing agency NLC
043 ## - GEOGRAPHIC AREA CODE
Geographic area code n-cn---
049 ## - LOCAL HOLDINGS (OCLC)
Holding library UABA
050 ## - LIBRARY OF CONGRESS CALL NUMBER
Classification number HB171.5
Item number L78 2007
090 ## - LOCALLY ASSIGNED LC-TYPE CALL NUMBER (OCLC); LOCAL CALL NUMBER (RLIN)
Classification number (OCLC) (R) ; Classification number, CALL (RLIN) (NR) HB 171.5 L78 2002
Local cutter number (OCLC) ; Book number/undivided call number, CALL (RLIN) AEU
090 ## - LOCALLY ASSIGNED LC-TYPE CALL NUMBER (OCLC); LOCAL CALL NUMBER (RLIN)
Classification number (OCLC) (R) ; Classification number, CALL (RLIN) (NR) HB171.5 .L793 2002
Local cutter number (OCLC) ; Book number/undivided call number, CALL (RLIN) AEGMCT
100 1# - MAIN ENTRY--PERSONAL NAME
Personal name Lovewell, Mark A.
245 10 - TITLE STATEMENT
Title Understanding economics :
Remainder of title a contemporary perspective /
Statement of responsibility, etc. Mark Lovewell.
250 ## - EDITION STATEMENT
Edition statement 2nd ed.
260 ## - PUBLICATION, DISTRIBUTION, ETC.
Place of publication, distribution, etc. Toronto :
Name of publisher, distributor, etc. McGraw-Hill Ryerson,
Date of publication, distribution, etc. c2002.
300 ## - PHYSICAL DESCRIPTION
Extent 446 p. :
Other physical details ill. ;
Dimensions 26 cm.
336 ## - CONTENT TYPE
Content type term text
Content type code txt
Source rdacontent
337 ## - MEDIA TYPE
Media type term unmediated
Media type code n
Source rdamedia
338 ## - CARRIER TYPE
Carrier type term volume
Carrier type code nc
Source rdacarrier
500 ## - GENERAL NOTE
General note Includes index.
650 #0 - SUBJECT ADDED ENTRY--TOPICAL TERM
Topical term or geographic name entry element Economics.
942 ## - ADDED ENTRY ELEMENTS (KOHA)
Source of classification or shelving scheme
Koha item type Book
Suppress in OPAC IO
Holdings
Withdrawn status Lost status Source of classification or shelving scheme Damaged status Not for loan Permanent Location Current Location Shelving location Date acquired Source of acquisition Total Checkouts Full call number Barcode Date last seen Price effective from Koha item type Public note
          AU LIBRARY AU LIBRARY Open Shelf 15.06.2021 Donation   HB171.5 L78 2007 28000120 15.06.2021 15.06.2021 Book IO

Powered by Koha